000 00308nam a2200133Ia 4500
005 20251222155210.0
008 251222s9999||||xx |||||||||||||| ||spa||
082 _aETI. 10.3
100 _aORTEGA, G.
245 0 _aValores Humanos Vol. III
250 _a7ma. ed.
264 _bEros Vittoria
942 _cLIB
999 _c40274
_d40274